[Event "Bernadette Stokes Cup 2019"]
[Site "?"]
[Date "2019.07.24"]
[Round "5.12"]
[White "Davies, Tom"]
[Black "Gardiner, Ethan"]
[Result "0-1"]
[WhiteElo "1079"]
[BlackElo "1344"]
[PlyCount "62"]
[EventDate "2019.??.??"]

1. e4 e5 2. Nf3 Nc6 3. Bc4 Bc5 4. c3 Nf6 5. d4 exd4 6. cxd4 Bb4+ 7. Nc3 Nxe4 8.
O-O Bxc3 9. d5 Bf6 10. dxc6 O-O 11. cxd7 Qxd7 12. Qb3 c6 13. a4 Qc7 14. Be3 Nd6
15. Bc5 Nxc4 16. Bxf8 Be6 17. Qc2 Rxf8 18. Rab1 Rd8 19. b3 Na3 20. Qc5 Nxb1 21.
Rxb1 Qd6 22. Qe3 Qd3 23. Qe1 Bc3 24. Qc1 h6 25. h3 Bf5 26. Kh2 Qxb1 27. Qxc3
Qe4 28. Qa5 Re8 29. Qxa7 Qf4+ 30. Kg1 Bxh3 31. Qxb7 Qg4 0-1

[Event "Bernadette Stokes Cup 2019"]
[Site "?"]
[Date "2019.07.24"]
[Round "5.13"]
[White "Van Arendonk, Polle"]
[Black "Gherghinoiu, Lucas"]
[Result "0-1"]
[WhiteElo "1617"]
[BlackElo "1940"]
[PlyCount "142"]
[EventDate "2019.??.??"]

1. e4 c5 2. Nf3 e6 3. d4 cxd4 4. Nxd4 a6 5. Bd3 g6 6. c4 Bg7 7. Nb3 Nc6 8. Nc3
Nge7 9. O-O O-O 10. Be3 d5 11. exd5 exd5 12. Bf4 Nb4 13. Qd2 Nxd3 14. Qxd3 Bf5
15. Qe2 dxc4 16. Bg5 Bd3 17. Qxe7 Qxe7 18. Bxe7 Bxf1 19. Bxf8 Kxf8 20. Kxf1
cxb3 21. axb3 Rc8 22. Rc1 b5 23. Rd1 Bxc3 24. bxc3 Rxc3 25. Rd6 Rxb3 26. Rxa6
Rb2 27. Rb6 b4 28. Rb7 b3 29. g3 Kg7 30. Kg2 Rb1 31. Kf3 Kf6 32. Rb5 b2 33. Ke2
Ke6 34. h4 h5 35. Rb8 Kf5 36. Rb4 f6 37. Rf4+ Ke6 38. Rb4 g5 39. Rb5 gxh4 40.
gxh4 Kf7 41. Rb6 Kg7 42. Rb7+ Kg6 43. Rb5 Rh1 44. Rxb2 Rxh4 45. Rb5 Rg4 46. f3
Rg2+ 47. Kf1 Ra2 48. Rb4 Kg5 49. Kg1 f5 50. Rc4 h4 51. f4+ Kg4 52. Rc3 Kxf4 53.
Rc4+ Kg3 54. Rc3+ Kg4 55. Rc4+ f4 56. Rc8 h3 57. Rf8 Kg3 58. Rg8+ Kf3 59. Rf8
Rb2 60. Rf7 Rg2+ 61. Kh1 Rd2 62. Rf8 Kg3 63. Rg8+ Kf2 64. Kh2 Kf1+ 65. Kxh3 f3
66. Ra8 Rd1 67. Ra2 f2 68. Kg3 Rd3+ 69. Kh2 Ke1 70. Ra1+ Rd1 71. Ra2 f1=Q 0-1

[Event "Bernadette Stokes Cup 2019"]
[Site "?"]
[Date "2019.07.24"]
[Round "5.14"]
[White "Xiong, Noe"]
[Black "Smeets, Kobe"]
[Result "0-1"]
[WhiteElo "1697"]
[BlackElo "1530"]
[PlyCount "76"]
[EventDate "2019.??.??"]

1. e4 c5 2. Nf3 e6 3. d4 cxd4 4. Nxd4 Nc6 5. Nxc6 bxc6 6. Bd3 d5 7. exd5 cxd5
8. O-O Bd6 9. Nc3 Ne7 10. Re1 O-O 11. Qf3 Ng6 12. Qh5 f5 13. Rf1 Bf4 14. Bxf4
Nxf4 15. Qf3 Nxd3 16. cxd3 Rb8 17. b3 d4 18. Na4 Bb7 19. Qe2 Qd5 20. f4 Rf6 21.
Rae1 Rg6 22. Rf2 Rc8 23. Kh1 h5 24. h3 h4 25. Nb2 Rc3 26. Nc4 Rxd3 27. Ne5
Rxh3+ 28. Kg1 Rh6 29. Nf3 Rg3 30. Kh2 Qd8 31. Rd1 Bxf3 32. Rxf3 Rhg6 33. Rfd3
Qd5 34. Rxg3 hxg3+ 35. Kg1 Rg4 36. Qd2 Qe4 37. Qxd4 Rxf4 38. Qd7 Qe3+ 0-1

[Event "Bernadette Stokes Cup 2019"]
[Site "?"]
[Date "2019.07.24"]
[Round "5.15"]
[White "Verheij, Dana"]
[Black "Souissi, Elyes"]
[Result "1-0"]
[WhiteElo "1497"]
[BlackElo "1578"]
[PlyCount "125"]
[EventDate "2019.??.??"]

1. e4 e5 2. Nf3 Nc6 3. Bc4 Nf6 4. d4 exd4 5. e5 d5 6. Bb5 Ne4 7. O-O Bd7 8.
Bxc6 Bxc6 9. Nxd4 Qd7 10. f4 Bc5 11. Be3 h6 12. Nd2 b6 13. Nxe4 dxe4 14. f5
O-O-O 15. c3 Rhe8 16. b4 Bxd4 17. cxd4 Bb5 18. Rf2 Rxe5 19. Qg4 h5 20. Qf4 Ree8
21. Rc1 Bd3 22. Qg5 Rg8 23. Bf4 c6 24. f6 gxf6 25. Qxf6 Rg6 26. Qe5 Kb7 27. Be3
Rdg8 28. Qxh5 f5 29. g3 Rf6 30. a4 Qc7 31. Qh4 Rfg6 32. Rg2 Qg7 33. Qf4 Rf8 34.
a5 Rg4 35. Qd6 Rf6 36. Qe5 Qf7 37. Bf4 Rg8 38. d5 Re8 39. Qd4 Rg6 40. axb6 axb6
41. d6 Qd7 42. Ra2 Ba6 43. Be3 Qd8 44. Bf4 e3 45. Qc3 Qd7 46. b5 Bxb5 47. Qa3
c5 48. Qa7+ Kc6 49. Qxd7+ Kxd7 50. Ra7+ Kd8 51. Rca1 Bc6 52. Rc7 e2 53. Kf2
e1=Q+ 54. Rxe1 Rxe1 55. Kxe1 Ba4 56. Kd2 Re6 57. h4 Re4 58. h5 Rd4+ 59. Kc3 Rd1
60. h6 Rh1 61. h7 Bd7 62. Bg5+ Ke8 63. Bh4 1-0

[Event "Bernadette Stokes Cup 2019"]
[Site "?"]
[Date "2019.07.24"]
[Round "5.16"]
[White "Fougerat, Emma"]
[Black "Van Dongen, Jesse"]
[Result "1/2-1/2"]
[WhiteElo "1504"]
[BlackElo "1460"]
[PlyCount "53"]
[EventDate "2019.??.??"]

1. c4 c5 2. g3 g6 3. Bg2 Bg7 4. Nf3 d6 5. d3 Nc6 6. Nc3 e5 7. Rb1 Nge7 8. a3 a5
9. O-O O-O 10. Bd2 f5 11. Qc1 Nd4 12. Nxd4 cxd4 13. Nd5 Nxd5 14. Bxd5+ Kh8 15.
b4 a4 16. b5 Qe7 17. Qc2 Be6 18. Bg2 Rfc8 19. Qd1 Qd7 20. Rb4 d5 21. cxd5 Bxd5
22. Bxd5 Qxd5 23. Rxa4 Qxb5 24. Rb4 Qd7 25. Qb3 Rc7 26. Rb1 Bf8 27. Rxb7
1/2-1/2